| 000 -LEADER |
| fixed length control field |
00652cam a2200181 a 4500 |
| 020 ## - INTERNATIONAL STANDARD BOOK NUMBER |
| ISBN |
9789251067338 |
| 020 ## - INTERNATIONAL STANDARD BOOK NUMBER |
| ISBN |
9251067333 |
| 040 ## - CATALOGING SOURCE |
| Transcribing agency |
NLGGC |
| 082 00 - DEWEY DECIMAL CLASSIFICATION NUMBER |
| Classification number |
572 FAO 2010 C323 Or. |
| 245 00 - TITLE STATEMENT |
| Title |
Fats and fatty acids in human nutrition : |
| Remainder of title |
report of an expert consultation : 10-14 November 2008, Geneva. |
| 260 ## - PUBLICATION, DISTRIBUTION, ETC. (IMPRINT) |
| Place of publication |
Rome : |
| Name of publisher |
Food and Agriculture Organization of the United Nations, |
| Year of publication |
2010. |
| 300 ## - PHYSICAL DESCRIPTION |
| Number of Pages |
xvii, 166 p. ; |
| Dimensions |
30 cm. |
| 490 1# - SERIES STATEMENT |
| Series statement |
FAO food and nutrition paper, |
| 650 #0 - SUBJECT ADDED ENTRY--TOPICAL TERM |
| Topical Term |
Lipids in human nutrition |
| 650 #0 - SUBJECT ADDED ENTRY--TOPICAL TERM |
| Topical Term |
Fatty acids in human nutrition |
| 710 2# - ADDED ENTRY--CORPORATE NAME |
| Corporate name or jurisdiction name as entry element |
Food and Agriculture Organization of the United Nations. |
| 942 ## - ADDED ENTRY ELEMENTS (KOHA) |
| Koha item type |
ADB |
| 952 ## - LOCATION AND ITEM INFORMATION (KOHA) |
| Withdrawn status [LOCAL, KOHA] |
0 |